LEADER 00416nab a2200133 i 4500 001 000000266312 003 CaOOAMICUS 005 20180831164733.0 008 180831n xx uu u0 0und r 013 $a10257 040 $aSeMil$bita 245 10$a[vedi periodico]. 773 0 $t2006 : Agosto-Dicembre.$dGenova : COEDIT, Mauro Cormagi ed., 2006 (stampa 2007)$w()160954 996 $6245$a[vedi periodico]$9(OLS)http://semarc/title/309439 LEADER 00886naa a2200145 i 4500 001 000000324888 003 CaOOAMICUS 005 20180831173452.0 008 180831n xx u000 u und u 013 $a35799 040 $aSeMil$bita 245 10$aEcce completa sunt ; Maria Virgo semper laetare ; Gaude et laetare ; Illuminans Altissime ; Videntes stellam ; Apparuit gratia ; Omnes patriarchae ; Hodie coelesti sponso ; Ex more docti mystico ; Tempus acceptabile. 650 4$aLibri liturgici - Antifonale ambrosiano.$0(OLS)http://semarc/subject/5210 773 0 $tAntifonale ambrosiano.$dBologna : Clivis $g[file audio]21-30$w()244768 996 $6245$aEcce completa sunt ; Maria Virgo semper laetare ; Gaude et laetare ; Illuminans Altissime ; Videntes stellam ; Apparuit gratia ; Omnes patriarchae ; Hodie coelesti sponso ; Ex more docti mystico ; Tempus acceptabile.$9(OLS)http://semarc/title/398135